LDR 01239nam a2200265 4500 001 000000367347 003 CaOOAMICUS 005 20260423144802.0 008 260420s2012 it a 000 u eng r 020 $a978-88-96451-06-9 040 $aSeMil$bita 100 1 $aDel Tredici, Federico.$0(OLS)http://semarc/name/124189 245 10$aCastle trails from Milan to Bellinzona :$bguide to the Dukedomʼs castles /$cby Federico Del Tredici, Edoardo Rossetti. 264 1$aMilano :$bCastelli del ducato,$c2012. 300 $a253 p. :$bill. ;$c23 cm 650 4$aLombardia - Castelli.$0(OLS)http://semarc/subject/1974 650 4$aMilano (Ducato) - Castelli.$0(OLS)http://semarc/subject/60086 700 1 $aRossetti, Edoardo,$d<1979- >.$0(OLS)http://semarc/name/124192 850 $aSeMil 852 $aSeMil$W1$xVenegono$y1$m4Y IV 257$j270807$B258059$CSeMilBibl$Z2$F258059 $81 961 $aCaspani Maurizio - Lascito 996 $6020$a978-88-96451-06-9$9(OLS)http://semarc/number/305703 996 $6245$aCastle trails from Milan to Bellinzona :$bguide to the Dukedomʼs castles$9(OLS)http://semarc/title/459258 996 $6264$aMilano :$bCastelli del ducato$9(OLS)http://semarc/publisher/63014